Normal view
MARC view
Entry Topical Term
001 - CONTROL NUMBER
- control field: 251769
003 - CONTROL NUMBER IDENTIFIER
- control field: OSt
005 - DATE AND TIME OF LATEST TRANSACTION
- control field: 20260120092329.0
008 - FIXED-LENGTH DATA ELEMENTS
- fixed length control field: 260120|| aca||aabn | a|a d
040 ## - CATALOGING SOURCE
- Original cataloging agency: OSt
- Transcribing agency: OSt
150 ## - HEADING--TOPICAL TERM
- Topical term or geographic name entry element: Folklore
670 ## - SOURCE DATA FOUND
- Source citation: Work cat.: (OSt)240797: K Chinnappa Gowda 251767, Bhutharadhane: Mayada nade jogada nudi, 2025